000
00314nam a22001457a 4500
008
230524b ||||| |||| 00| 0 eng d
020
_a
9782211089029
041
_a
FRA
080
_a
82
082
_a
82LAV
100
_a
38
101
_a
GJL
245
_a
BJORN AUX ENFERS IV
_c
LAVACHERY . TH
942
_2
udc
_c
BK
999
_c
59828
_d
59828